Bodies of Water by Letter - M - Statistics

General Stats
  • This quiz has been taken 225 times
  • The average score is 11 of 20
Answer Stats
Hint Answer % Correct
Possible Longest River in North America Mississippi River
97%
Longest river in Southeast Asia Mekong River
94%
Largest Lake completely in the U.S Lake Michigan
93%
Missouri River
88%
Romans called it Mare Nostrum/ Mare Internum Mediterranean Sea
83%
Sea completely surrounded by Turkey Sea of Marmara
78%
West of Madagascar Mozambique Channel
75%
New Orleans and Merida are on this body of water Gulf of Mexico
73%
Longest River in Australia Murray River
67%
Also known as Lake Nyasa Lake Malawi
59%
Major Lake in Venezuela Lake Maracaibo
56%
Longest North American River flowing into the Arctic Mackenzie River
55%
Boston is on this Bay Massachusetts Bay
41%
Strait going from Indian to Pacific Ocean Strait of Malacca
36%
Bay on the coast of Alabama Mobile Bay
34%
Bab-el-______ Mandeb
32%
Body of water off the coast of Cape Cod Gulf of Maine
24%
Separates two islands in the above Malta Strait
18%
Marks the border between Germany and Luxembourg Moselle River
14%
Borders India and Sri Lanka Gulf of Mannar
1%
No matching quizzes found
Score Distribution
Percent of People with Each Score
Percentile by Number Answered
Your Score History
You have not taken this quiz